U.S. fiscal outlook and the fiscal year 2005 governmentwide financial statements : hearing before the Subcommittee on Government Management, Finance, and Accountability of the Committee on Government Reform, House of Representatives, One Hundred Ninth Congress, second session, March 1, 2006.

Bibliographic Details
Corporate Author: United States. Congress. House. Committee on Government Reform. Subcommittee on Government Management, Finance, and Accountability
Format: Government Document Book
Language:English
Published: Washington : U.S. G.P.O. : 2006.
Subjects:
Online Access:PDF version:

MARC

Tag First Indicator Second Indicator Subfields
LEADER 00000cam a2200000 a 4500
001 in00002170421
005 20220106092722.0
008 060807s2006 dcua b f000 0 eng c
020 |a 0160764335 
035 |a (OCoLC)ocm70822878 
037 |a 552-070-34314-8  |b GPO 
040 |a GPO  |c GPO  |d MvI  |d UtOrBLW 
042 |a pcc 
043 |a n-us--- 
049 |a UDOC 
049 |a WWW 
050 1 4 |a KF27  |b .G66292 2006 
074 |a 1016-A 
074 |a 1016-A (online) 
074 |a 1016-B (MF) 
074 |a 1016-B (online) 
086 0 |a Y 4.G 74/7:G 74/29 
088 |a Serial no. 109-133 (United States. Congress. House. Committee on Government Reform) 
110 1 |a United States.  |b Congress.  |b House.  |b Committee on Government Reform.  |b Subcommittee on Government Management, Finance, and Accountability. 
245 1 0 |a U.S. fiscal outlook and the fiscal year 2005 governmentwide financial statements :  |b hearing before the Subcommittee on Government Management, Finance, and Accountability of the Committee on Government Reform, House of Representatives, One Hundred Ninth Congress, second session, March 1, 2006. 
246 3 |a US fiscal outlook and the fiscal year 2005 governmentwide financial statements 
264 1 |a Washington :  |b U.S. G.P.O. :  |c 2006. 
264 2 |a Washington :  |b For sale by the Supt. of Docs., U.S. G.P.O., 
300 |a iii, 89 pages :  |b illustrations ;  |c 23 cm. 
336 |a text  |b txt  |2 rdacontent 
337 |a unmediated  |b n  |2 rdamedia 
338 |a volume  |b nc  |2 rdacarrier 
500 |a Distributed to some depository libraries in microfiche. 
500 |a Shipping list number: 2006-0256-P. 
500 |a Shipping List Date: 07/28/2006 
504 |a Includes bibliographical references. 
500 |a "Serial number 109-133." 
530 |a Also available via Internet from the GPO Access web site. Address as of 1/19/07: http://frwebgate.access.gpo.gov/cgi-bin/getdoc.cgi?dbname=109_house_hearings&docid=f:27091.wais (text version), http://frwebgate.access.gpo.gov/cgi-bin/getdoc.cgi?dbname=109%5Fhouse%5Fhearings&docid=f:27091.pdf (PDF version); current access available via PURL. 
650 0 |a Finance, Public  |z United States  |x Forecasting. 
650 0 |a Finance, Public  |z United States  |x Auditing. 
650 0 |a Administrative agencies  |z United States  |x Auditing. 
651 0 |a United States  |x Appropriations and expenditures  |x Forecasting. 
856 4 1 |3 PDF version:  |u https://purl.fdlp.gov/GPO/LPS72485  |t 0 
999 |a MARS 
999 f f |s 01bc7662-61af-39e0-823e-bbd82ed3f777  |i 39381a43-011c-3022-b968-a0b2418058d9  |t 0 
952 f f |a Texas A&M University  |b College Station  |c Electronic Resources  |d Available Online  |t 0  |e Y 4.G 74/7:G 74/29  |h Superintendent of Documents classification 
998 f f |a Y 4.G 74/7:G 74/29  |t 0  |l Available Online